| 000 | 01279cam a22002774a 4500 | ||
|---|---|---|---|
| 999 |
_c57870 _d57870 |
||
| 001 | 16211886 | ||
| 005 | 20221107154143.0 | ||
| 008 | 100430s2010 nyua b 001 0 eng | ||
| 020 | _a9780891284482 (print : alk. paper) | ||
| 041 | _aeng | ||
| 080 | _a376.2 + 617.7 F-90 | ||
| 245 | 0 | 0 |
_aFoundations of orientation and mobility : _cWilliam R. Wiener, Richard L. Welsh, and Bruce B. Blasch, editors. _bVolume 1. History and Theory / |
| 250 | _a3rd ed. | ||
| 264 |
_aNew York : _bAFB Press, _c2010. |
||
| 300 |
_a699 p. : _bill. ; _c26 cm. |
||
| 504 | _a bibliographical (p. 749-787) and index. | ||
| 653 | _aმხედველობის შეზღუდული შესაძლებლობის მქონე პირები | ||
| 653 | _aპედაგოგიკა | ||
| 653 | _aმედიცინა | ||
| 700 | 1 |
_aWiener, William R. _eრედაქტორი _910636 |
|
| 700 | 1 |
_aWelsh, Richard L. _eრედაქტორი _910637 |
|
| 700 | 1 |
_aBlasch, Bruce B. _eრედაქტორი _910638 |
|
| 856 |
_uhttps://books.google.ge/books?id=nYENqA5LZKUC&source=gbs_ViewAPI&redir_esc=y _yელ.ვერსია |
||
| 942 |
_2udc _cBK |
||
| 955 |
_bre04 2010-04-30 _ire04 2010-04-30 _axe11 2011-03-29 v. 1-2 rec'd, to CIP ver. |
||